LEADER 01237nam a2200265 a 4500 001 000000128817 003 CaOOAMICUS 005 20120511120411.0 008 120511s2009 sp m u000 u spa r 040 $aPUL$bita 100 1 $aBoronat Roda, Jorge.$0(OLS)http://pul/name/82435 245 13$aLa categoría de la Imago Dei en la teología moral contemporánea /$cJorge Boronat Roda. 260 $aPamplona :$bUniversidad de Navarra,$c2009. 300 $aP. [203]-329 ;$c24 cm 490 1 $aExcerpta e dissertationibus in sacra theologia ;$v54, n. 3 502 $aEstratto da tesi -- Universidad de Navarra. Facultad de teologia. 2009. 504 $aBibliografia p. [215]-226. 710 2 $aUniversidad de Navarra.$bFacultad de teología.$kTesi.$0(OLS)http://pul/name/82388 830 0$aExcerpta e dissertationibus in sacra theologia ;$v54, n. 3.$0(OLS)http://pul/title/58699 850 $aPUL 852 $aPUL$W1$xDP1 Tesi Varie$y51$m2009 B 14 int.3$j149154$qTesi$B147721$CPULBib$Z2$F147721 $82 941 1 $a16 996 $6245$aLa categoría de la Imago Dei en la teología moral contemporánea$9(OLS)http://pul/title/162776 996 $6260$aPamplona :$bUniversidad de Navarra$9(OLS)http://pul/publisher/48739 LEADER 01380nam a2200361 a 4500 001 000000139434 003 CaOOAMICUS 005 20140724112530.0 008 140724s2014 it u000 u ita r 020 $a978-88-581-1021-8 040 $aPUL$bita 082 04$a301.092 100 1 $aLeonardi, Laura.$0(OLS)http://pul/name/89904 245 10$aIntroduzione a Dahrendorf /$cLaura Leonardi. 260 $aRoma :$bLaterza,$c©2014. 300 $a177 p. ;$c18 cm 490 1 $aMaestri del Novecento Laterza ;$v20 504 $aBibliografia p. 161-[196]. 600 14$aDahrendorf, Ralf.$0(OLS)http://pul/subject/40682 650 4$aSociologia.$0(OLS)http://pul/subject/2611 830 0$aMaestri del Novecento Laterza ;$v20.$0(OLS)http://pul/title/101893 850 $aPUL 852 $aPUL$W1$xSL Diritto e Scienze Sociali 3$y79$m301. 092 LEOLA 1$j161067$qDDC 21$B160516$CPULBib$Z2$F160516 $H124487 $82 941 1 $a9 960 $aSociology$92611 960 $aSociology$92611 960 $aScienze sociali$92611 960 $aScienze sociali$92611 996 $6020$a978-88-581-1021-8$9(OLS)http://pul/number/155839 996 $6082$a301.092$9(OLS)http://pul/classification/2506 996 $6245$aIntroduzione a Dahrendorf$9(OLS)http://pul/title/176514 996 $6260$aRoma :$bLaterza$9(OLS)http://pul/publisher/47864